|
|
|
|
| LEADER |
00000cam a2200000 a 4500 |
| 001 |
vtls008386888 |
| 003 |
SK-MaSNL |
| 005 |
20260301123524.0 |
| 008 |
200104s1923 xo g 000 0 slo |
| 015 |
|
|
|a SNBA19191938-007716
|
| 035 |
|
|
|a SK01SNKBSKHR20010079105
|
| 035 |
|
|
|a urn:nbn:sk:snk-am3hizu
|
| 035 |
|
|
|a 4AD3A4EE-1BBA-4A4A-9FBD-048D45064BFF
|
| 035 |
|
|
|a urn:nbn:sk:snk-am00d20h
|
| 035 |
|
|
|a SKM000081568
|
| 040 |
|
|
|a SNK
|b slo
|c SNK
|e AACR2
|
| 041 |
1 |
|
|a slo
|h und
|
| 044 |
|
|
|a xo
|c SK
|
| 245 |
0 |
0 |
|a Najkrajší kvet a jeho pestovanie
|c poslovenčil Gejza Kopčák
|
| 260 |
|
|
|a Hamborg, p. Brezovica, Košická župa
|b [Farský úrad]
|c imprimatur 1923
|e Praha
|f Čsl. akciová tiskárna
|
| 300 |
|
|
|a 21, [3] s.
|c 12 cm
|
| 650 |
0 |
7 |
|a kresťanská mládež
|2 SNKPH
|9 86844
|
| 655 |
|
7 |
|a úvahy
|2 SNKPH
|9 29403
|
| 700 |
1 |
|
|a Kopčák, Gejza
|4 trl
|9 66256
|
| 958 |
|
|
|a RK
|
| 958 |
|
|
|a NT
|
| 958 |
|
|
|a ONDV
|
| 999 |
|
|
|c 736536
|d 738466
|
| 952 |
|
|
|a SNK
|b SNK
|y VYP
|7 0
|p 17A0323595
|o snkSE 3607 D1
|i snkF 1952/65
|8 5
|0 0
|1 0
|4 0
|d 2001-12-06
|l 0
|r 2005-01-02 00:00:00
|w 2026-02-23
|
| 952 |
|
|
|a SNK
|b SNK
|y PREZ
|7 0
|p 17A1153011
|o snkSE 3607
|i snkF 626/64
|8 5
|0 0
|1 0
|4 0
|d 2018-04-19
|f 1
|l 0
|r 2026-02-23 22:46:27
|w 2026-02-23
|